[Event "34th Zalakaros Open 2015"]
[Site "Zalakaros HUN"]
[Date "2015.05.14"]
[Round "1.1"]
[White "Csonka, Balazs"]
[Black "Onischuk, Vladimir"]
[Result "0-1"]
[WhiteTitle "FM"]
[BlackTitle "GM"]
[WhiteElo "2433"]
[BlackElo "2669"]
[WhiteFideId "742910"]
[BlackFideId "14114038"]
[EventDate "2015.05.14"]
[EventType "swiss"]

1. d4 d6 2. Nf3 g6 3. c4 Bg7 4. Nc3 Bg4 5. e3 c5 6. Be2 cxd4 7. exd4 Nc6 8. O-O
Nh6 9. Bxh6 Bxh6 10. h3 Bxf3 11. Bxf3 Bg7 12. Bxc6+ bxc6 13. Qf3 Rc8 14. Rfd1
O-O 15. Rab1 a5 16. c5 e6 17. a3 Qc7 18. b4 axb4 19. axb4 Rfd8 20. b5 dxc5 21.
b6 Qe7 22. dxc5 Rxd1+ 23. Rxd1 Qxc5 24. b7 Rf8 25. Rb1 Rb8 26. Ne4 Qc2 27. Rb3
Be5 28. g4 f5 29. gxf5 exf5 30. Ng3 Qd2 31. Kg2 Qd7 32. Qe3 Bxg3 33. fxg3 Rxb7
34. Rxb7 Qxb7 35. Qe8+ Kg7 36. Qe5+ Kf7 37. Qh8 c5+ 38. Kf2 Ke6 39. Qg8+ Kd6 40.
Qd8+ Kc6 41. Qf6+ Kd5 42. Qc3 Qb4 43. Qf3+ Ke5 0-1

[Event "34th Zalakaros Open 2015"]
[Site "Zalakaros HUN"]
[Date "2015.05.14"]
[Round "1.2"]
[White "Ragger, Markus"]
[Black "Meszaros, Tamas"]
[Result "1-0"]
[WhiteTitle "GM"]
[BlackTitle "IM"]
[WhiteElo "2668"]
[BlackElo "2421"]
[WhiteFideId "1610856"]
[BlackFideId "717410"]
[EventDate "2015.05.14"]
[EventType "swiss"]

1. d4 Nf6 2. c4 e6 3. Nf3 Bb4+ 4. Nbd2 O-O 5. a3 Be7 6. e4 d6 7. Be2 Nbd7 8. Qc2
c5 9. O-O cxd4 10. Nxd4 a6 11. b4 Qc7 12. Bb2 b6 13. f4 Bb7 14. Qd3 g6 15. Nc2
Rad8 16. Ne3 b5 17. cxb5 axb5 18. Rac1 Qb8 19. g4 d5 20. e5 Ne4 21. Bd4 g5 22.
Ng2 gxf4 23. Nxf4 Nxe5 24. Qe3 Ng6 25. Nxe4 dxe4 26. Nh5 Rxd4 27. Qxd4 e5 28.
Qe3 Nf4 29. Bxb5 Rc8 30. Rxc8+ Qxc8 31. Nxf4 Bg5 32. Qc5 Qxg4+ 33. Ng2 e3 34.
Qc2 Be4 35. Qe2 Qh3 36. Bc4 1-0

[Event "34th Zalakaros Open 2015"]
[Site "Zalakaros HUN"]
[Date "2015.05.14"]
[Round "1.3"]
[White "Schachinger, Mario"]
[Black "Berkes, Ferenc"]
[Result "1/2-1/2"]
[WhiteTitle "IM"]
[BlackTitle "GM"]
[WhiteElo "2421"]
[BlackElo "2664"]
[WhiteFideId "1616773"]
[BlackFideId "718572"]
[EventDate "2015.05.14"]
[EventType "swiss"]

1. d4 Nf6 2. c4 g6 3. Nc3 Bg7 4. e4 d6 5. Nf3 O-O 6. Be2 c5 7. O-O Re8 8. d5 e6
9. h3 exd5 10. exd5 Bf5 11. g4 Ne4 12. Nxe4 Bxe4 13. Ng5 Qf6 14. Qa4 Na6 15.
Nxe4 Rxe4 16. Be3 Rae8 17. Bd3 R4e7 18. Rfe1 Nb4 19. Bf1 b5 20. cxb5 Nxd5 21.
Bd2 Qxb2 22. b6 Be5 23. bxa7 Ra8 24. Qc6 Nc7 25. Bg5 Bd4 26. Bh4 Rxe1 27. Rxe1
g5 28. Bg3 Rxa7 29. Re7 Ra3 30. Qxd6 Ne6 31. Re8+ Kg7 32. Rxe6 Rxg3+ 33. Qxg3
fxe6 34. a4 e5 35. Qf3 e4 36. Qf5 h6 37. Qd7+ Kf6 38. Qd6+ Kf7 39. Bc4+ Ke8 40.
Qg6+ Kd7 41. Qf7+ Kc6 42. Qe6+ Kc7 43. Qe7+ Kc8 44. Be6+ Kb8 45. Qd8+ Ka7 46.
Qc7+ Qb7 47. Qa5+ Qa6 48. Qc7+ Qb7 49. Qxb7+ Kxb7 50. Bd5+ Kb6 51. Bxe4 Ka5 52.
Bc2 Kb4 53. Kf1 Kc3 54. Bd1 c4 55. a5 Kb4 56. a6 Kb5 57. Be2 Kxa6 58. Bxc4+ 1/2-1/2

[Event "34th Zalakaros Open 2015"]
[Site "Zalakaros HUN"]
[Date "2015.05.14"]
[Round "1.4"]
[White "Efimenko, Zahar"]
[Black "Kreisl, Robert"]
[Result "1-0"]
[WhiteTitle "GM"]
[BlackTitle "IM"]
[WhiteElo "2656"]
[BlackElo "2420"]
[WhiteFideId "14107201"]
[BlackFideId "1613880"]
[EventDate "2015.05.14"]
[EventType "swiss"]

1. e4 c6 2. d4 d5 3. Nc3 dxe4 4. Nxe4 Bf5 5. Ng3 Bg6 6. h4 h6 7. Nh3 e6 8. Nf4
Bh7 9. Be3 Nf6 10. Bd3 Bxd3 11. Qxd3 Bd6 12. O-O-O Bxf4 13. Bxf4 Na6 14. Be5 O-O
15. Kb1 Ng4 16. Qe2 Nxe5 17. dxe5 Qa5 18. f4 Nb4 19. a3 Nd5 20. Nh5 Rfd8 21. Rd3
Qb5 22. Qd2 c5 23. Rg3 g6 24. f5 Kh7 25. fxg6+ fxg6 26. Qf2 Rf8 27. Nf6+ Nxf6
28. exf6 Rf7 29. Re1 Qc4 30. Rf3 Raf8 31. Rf4 Qd5 32. g4 g5 33. hxg5 hxg5 34.
Qh2+ Kg8 35. Rh1 Qxh1+ 36. Qxh1 gxf4 37. g5 Rxf6 38. gxf6 Rxf6 39. Qf3 e5 40.
Kc1 e4 41. Qxe4 f3 42. Qxb7 f2 43. Qg2+ Kf7 44. Qf1 Ke6 45. Kd2 Ke5 46. Ke2 c4
47. b3 c3 48. b4 a6 49. a4 Rd6 50. Qh3 Rd2+ 51. Kf1 Kd4 52. Qg4+ Kd5 53. Qf5+ 1-0

[Event "34th Zalakaros Open 2015"]
[Site "Zalakaros HUN"]
[Date "2015.05.14"]
[Round "1.5"]
[White "Bagi, Mate"]
[Black "Melkumyan, Hrant"]
[Result "1/2-1/2"]
[WhiteTitle "FM"]
[BlackTitle "GM"]
[WhiteElo "2417"]
[BlackElo "2654"]
[WhiteFideId "742570"]
[BlackFideId "13302485"]
[EventDate "2015.05.14"]
[EventType "swiss"]

1. e4 e5 2. Nf3 Nc6 3. Nc3 Nf6 4. d4 exd4 5. Nxd4 Bc5 6. Be3 Bb6 7. Qd2 Ng4 8.
Nxc6 dxc6 9. Qxd8+ Kxd8 10. Bxb6 axb6 11. h3 Ne5 12. f4 Ng6 13. g3 h5 14. h4 Ke7
15. Rd1 Nf8 16. Be2 Nd7 17. Kf2 Nf6 18. a3 Ng4+ 19. Bxg4 Bxg4 20. Rd2 f6 21. Re1
Kf7 22. Re3 Rhe8 23. Red3 g6 24. Ke3 b5 25. Kf2 Be6 26. Re3 Re7 27. Red3 Ke8 28.
Re3 Bc4 29. Re1 b6 30. Ke3 Be6 31. Kf2 Bg4 32. Re3 Bd7 33. Red3 Be6 34. Re3 Bf7
35. Re1 Bc4 36. Ke3 Rg7 37. Kf2 Rd7 38. Rxd7 Kxd7 39. Rd1+ Ke7 40. Ke3 Be6 41.
Rd2 f5 42. e5 Bc4 43. Rd1 Ke6 44. Kd2 Ra5 45. Ke3 Ke7 46. Rd2 Ra7 47. Rd1 Ra8
48. Kd2 Be6 49. Ke3 Bc8 50. Rd2 Bb7 51. Rd1 Ra5 52. Rd2 c5 53. Nd5+ Bxd5 54.
Rxd5 Ra4 55. Kd2 Ra8 56. Rd3 Ke6 57. Kc3 Ke7 58. Kd2 Ra5 59. Rd5 Ra4 60. Rd3 Ke8
61. Rd5 b4 62. axb4 Rxb4 63. b3 Ke7 64. Kc3 Re4 65. Kd2 Rb4 66. Kc3 Rb5 67. Kb2
Ra5 68. c4 Ra8 69. Rd1 Ke6 70. Rd5 Ke7 1/2-1/2

[Event "34th Zalakaros Open 2015"]
[Site "Zalakaros HUN"]
[Date "2015.05.14"]
[Round "1.6"]
[White "Kovalenko, Igor"]
[Black "Kantor, Gergely"]
[Result "0-1"]
[WhiteTitle "GM"]
[BlackTitle "IM"]
[WhiteElo "2650"]
[BlackElo "2402"]
[WhiteFideId "14117908"]
[BlackFideId "751499"]
[EventDate "2015.05.14"]
[EventType "swiss"]

1. e4 e5 2. Nf3 Nc6 3. Nc3 Nf6 4. Bb5 Bc5 5. O-O O-O 6. d3 d6 7. Bxc6 bxc6 8. h3
Bb6 9. Be3 Kh8 10. a4 Rb8 11. b3 Ng8 12. d4 exd4 13. Bxd4 Ne7 14. Re1 Ba5 15.
Ng5 h6 16. Qh5 Kg8 17. Re3 f6 18. Nf3 c5 19. Bxc5 dxc5 20. Qxc5 Bb4 21. Qc4+ Kh8
22. Nb5 Bd6 23. Nxa7 Rb4 24. Qc3 Bb7 25. Rae1 f5 26. Nb5 Rxe4 27. Qa1 Rxe3 28.
Rxe3 Nd5 29. Nxd6 cxd6 30. Re1 Nf4 31. Qd1 Be4 32. c4 Re8 33. Re3 Qf6 34. Kh2
Kh7 35. a5 d5 36. g3 Ng6 37. cxd5 f4 38. gxf4 Qxf4+ 39. Kg1 Rf8 40. Qd4 Bxf3 41.
Qxf4 Rxf4 42. d6 Bc6 43. Rc3 Bb5 44. Rc8 Rd4 45. Rb8 Bc6 46. Rd8 Ne5 0-1

[Event "34th Zalakaros Open 2015"]
[Site "Zalakaros HUN"]
[Date "2015.05.14"]
[Round "1.7"]
[White "Nagy, Gabor1"]
[Black "Adhiban, Baskaran"]
[Result "1/2-1/2"]
[WhiteTitle "IM"]
[BlackTitle "GM"]
[WhiteElo "2396"]
[BlackElo "2636"]
[WhiteFideId "737119"]
[BlackFideId "5018471"]
[EventDate "2015.05.14"]
[EventType "swiss"]

1. Nf3 Nf6 2. c4 g6 3. Nc3 Bg7 4. g3 d5 5. cxd5 Nxd5 6. Bg2 O-O 7. O-O Nc6 8. d4
Nb6 9. d5 Na5 10. Qc2 c6 11. dxc6 Nxc6 12. Rd1 Bd7 13. Bd2 Bf5 14. e4 Bg4 15.
Be3 Qb8 16. Qe2 e6 17. h3 Bxf3 18. Bxf3 Rd8 19. Bg2 Nd4 20. Bxd4 Rxd4 21. Nb5
Rb4 22. Rab1 Qe5 23. Nd6 Rd8 24. Nxb7 Rd7 25. f4 Rxb2 26. Rxd7 Qd4+ 27. Rxd4
Bxd4+ 28. Kf1 Rxb1+ 29. Qe1 Rxe1+ 30. Kxe1 Na4 31. Ke2 e5 32. Kf3 Nc3 33. Bf1
Kf8 34. Bc4 f5 35. Bd3 fxe4+ 36. Bxe4 exf4 37. gxf4 Nxa2 38. f5 Kg7 39. fxg6
hxg6 40. Nd8 Kf6 41. Nc6 Bb6 42. Nb8 Nc3 43. Nd7+ Ke6 44. Nf8+ Kf6 45. Bc2 Nb5
46. Bd3 Nd4+ 47. Kg4 Nc6 48. Nxg6 Nb4 49. Bb1 a5 50. Nf4 a4 51. Kf3 Bc7 52. Nd3
Nd5 53. Bc2 Nc3 54. Nc1 Ke5 55. Ne2 Nxe2 56. Kxe2 a3 57. Bb3 1/2-1/2

[Event "34th Zalakaros Open 2015"]
[Site "Zalakaros HUN"]
[Date "2015.05.14"]
[Round "1.8"]
[White "Papp, Gabor1"]
[Black "Mesaros, Florian"]
[Result "1-0"]
[WhiteTitle "GM"]
[BlackTitle "FM"]
[WhiteElo "2594"]
[BlackElo "2390"]
[WhiteFideId "718602"]
[BlackFideId "1629220"]
[EventDate "2015.05.14"]
[EventType "swiss"]

1. e4 c5 2. Nf3 e6 3. d4 cxd4 4. Nxd4 Nc6 5. Nc3 Qc7 6. Be3 a6 7. a3 Nf6 8. f4
d6 9. Qf3 Be7 10. O-O-O O-O 11. Be2 Re8 12. Rhf1 Nxd4 13. Bxd4 b5 14. g4 Bb7 15.
g5 Nd7 16. Kb1 Nc5 17. f5 e5 18. Bxc5 dxc5 19. f6 Bf8 20. fxg7 Bxg7 21. Nd5 Bxd5
22. Rxd5 Rad8 23. Qf5 Re7 24. Rxd8+ Qxd8 25. Rd1 Qc7 26. h4 Re6 27. h5 Rd6 28.
Rf1 Qd7 29. Qf2 Bf8 30. Bg4 Qe7 31. Qf5 c4 32. c3 a5 33. Qf2 Rc6 34. Be2 b4 35.
axb4 axb4 36. cxb4 c3 37. Bd1 cxb2 38. Bb3 Rc7 39. g6 Qd6 40. gxf7+ Kh8 41. Qg3
Rc1+ 42. Rxc1 bxc1=Q+ 43. Kxc1 1-0

[Event "34th Zalakaros Open 2015"]
[Site "Zalakaros HUN"]
[Date "2015.05.14"]
[Round "1.9"]
[White "Dragnev, Valentin"]
[Black "Bluebaum, Matthias"]
[Result "0-1"]
[WhiteTitle "FM"]
[BlackTitle "IM"]
[WhiteElo "2385"]
[BlackElo "2594"]
[WhiteFideId "1634852"]
[BlackFideId "24651516"]
[EventDate "2015.05.14"]
[EventType "swiss"]

1. e4 e6 2. d4 d5 3. Nd2 Be7 4. Ngf3 Nf6 5. e5 Nfd7 6. Bd3 c5 7. c3 Nc6 8. O-O
g5 9. dxc5 g4 10. Nd4 Ncxe5 11. N2b3 Nxc5 12. Nxc5 Bxc5 13. Bb5+ Bd7 14. Re1
Bxb5 15. Rxe5 Qf6 16. Qe1 Bxd4 17. cxd4 Rg8 18. Rxd5 Bc6 19. Re5 O-O-O 20. Be3
Kb8 21. Rc5 Rd5 22. Rac1 Qf5 23. Qf1 Qe4 24. R1c3 Rxc5 25. Rxc5 Bd5 26. a3 h5
27. Rc1 h4 28. Rc5 g3 29. hxg3 hxg3 30. Rc3 gxf2+ 31. Kxf2 e5 32. dxe5 Qh4+ 0-1

[Event "34th Zalakaros Open 2015"]
[Site "Zalakaros HUN"]
[Date "2015.05.14"]
[Round "1.10"]
[White "Banusz, Tamas"]
[Black "Ekdyshman, Mikhail"]
[Result "1/2-1/2"]
[WhiteTitle "GM"]
[BlackTitle "IM"]
[WhiteElo "2590"]
[BlackElo "2362"]
[WhiteFideId "722413"]
[BlackFideId "4149416"]
[EventDate "2015.05.14"]
[EventType "swiss"]

1. Nf3 c5 2. c4 Nc6 3. d4 cxd4 4. Nxd4 g6 5. e4 Bg7 6. Be3 Nf6 7. Nc3 O-O 8. Be2
b6 9. O-O Bb7 10. f3 e6 11. Qd2 d5 12. cxd5 exd5 13. Nxc6 Bxc6 14. e5 Ne8 15. f4
f6 16. exf6 Nxf6 17. Rad1 Qe7 18. Bd4 Rad8 19. Bf3 Ne4 20. Qe3 Bxd4 21. Rxd4 Qf7
22. Rfd1 Rde8 23. Bxe4 dxe4 24. Rd6 Re6 25. Rxe6 Qxe6 26. a3 Qf6 27. g3 Re8 28.
Rd2 Qe6 29. Ne2 Bb5 30. Nd4 Qc4 31. Rd1 Qd5 32. f5 Rd8 33. fxg6 hxg6 34. Rd2 Qc4
35. h3 Qc5 36. Kh2 Bd3 37. Nc2 Rf8 38. b4 Qxe3 39. Nxe3 Rf3 40. Ng4 Rf1 41. Ne5
e3 42. Rxd3 e2 43. Rd8+ Kg7 44. Nd3 Rd1 45. Re8 1/2-1/2

[Event "34th Zalakaros Open 2015"]
[Site "Zalakaros HUN"]
[Date "2015.05.14"]
[Round "1.11"]
[White "Madl, Ildiko"]
[Black "Burmakin, Vladimir"]
[Result "0-1"]
[WhiteTitle "IM"]
[BlackTitle "GM"]
[WhiteElo "2356"]
[BlackElo "2585"]
[WhiteFideId "700550"]
[BlackFideId "4105109"]
[EventDate "2015.05.14"]
[EventType "swiss"]

1. e4 c6 2. d4 d5 3. Nc3 h6 4. Nf3 dxe4 5. Nxe4 Bf5 6. Bd3 e6 7. O-O Nf6 8. Qe2
Nxe4 9. Bxe4 Bxe4 10. Qxe4 Nd7 11. c4 Nf6 12. Qe2 Be7 13. h3 O-O 14. Be3 Qc7 15.
Rfd1 Rad8 16. a3 Bd6 17. Rd3 Rfe8 18. Rad1 Qa5 19. Bc1 Nd7 20. g3 Nf8 21. Kg2
Ng6 22. Qe4 Qa4 23. b3 Qa5 24. Bb2 Be7 25. Nd2 h5 26. h4 Bf6 27. b4 Qf5 28. Qxf5
exf5 29. Re3 f4 30. Rxe8+ Rxe8 31. Kf3 fxg3 32. fxg3 Be7 33. Re1 f5 34. Nb3 Rd8
35. Nc5 Bxc5 36. bxc5 Kf7 37. Rd1 Ne5+ 38. Ke2 Nxc4 39. Bc1 b6 40. Kd3 Ne5+ 41.
Ke2 Nd7 42. cxb6 axb6 43. Ke3 Nf6 44. Rd2 Nd5+ 45. Kf3 Ke6 46. Rc2 Kd7 47. Re2
Ra8 48. Re5 g6 49. Ke2 b5 50. Kd3 Re8 0-1

[Event "34th Zalakaros Open 2015"]
[Site "Zalakaros HUN"]
[Date "2015.05.14"]
[Round "1.12"]
[White "Kovchan, Alexander"]
[Black "Morrison, Graham SCO"]
[Result "1/2-1/2"]
[WhiteTitle "GM"]
[BlackTitle "FM"]
[WhiteElo "2585"]
[BlackElo "2351"]
[WhiteFideId "14103052"]
[BlackFideId "2400090"]
[EventDate "2015.05.14"]
[EventType "swiss"]

1. e4 c5 2. Nf3 e6 3. d4 cxd4 4. Nxd4 Nc6 5. Nc3 d6 6. Be2 Nf6 7. O-O Be7 8. Be3
O-O 9. a4 a6 10. f4 Qc7 11. Kh1 Re8 12. Bg1 Bd7 13. Nb3 b6 14. Bf3 Rab8 15. Qe2
Rec8 16. e5 dxe5 17. Bxc6 Qxc6 18. fxe5 Nd5 19. Qf3 Rf8 20. Nd4 Qc7 21. Nxd5
exd5 22. Qg3 Be6 23. Be3 Kh8 24. Bg5 Bxg5 25. Qxg5 Rbe8 26. c3 Bd7 27. Rfe1 Qc4
28. Re3 f6 29. exf6 Rxf6 30. h3 h6 31. Rxe8+ Bxe8 32. Qg3 Bxa4 33. Kh2 Bd7 34.
Re1 Qc5 35. Nf3 1/2-1/2

[Event "34th Zalakaros Open 2015"]
[Site "Zalakaros HUN"]
[Date "2015.05.14"]
[Round "1.13"]
[White "Kozak, Adam"]
[Black "Prohaszka, Peter2"]
[Result "1/2-1/2"]
[WhiteTitle "FM"]
[BlackTitle "GM"]
[WhiteElo "2341"]
[BlackElo "2582"]
[WhiteFideId "753246"]
[BlackFideId "726265"]
[EventDate "2015.05.14"]
[EventType "swiss"]

1. d4 Nf6 2. c4 e6 3. Nc3 Bb4 4. e3 O-O 5. Bd3 c5 6. Nf3 d5 7. O-O cxd4 8. exd4
dxc4 9. Bxc4 b6 10. Bg5 Bb7 11. Bd3 Nc6 12. Rc1 Be7 13. a3 Nd5 14. Be3 Rc8 15.
Bb1 Re8 16. Qd3 g6 17. Ne4 Nxe3 18. fxe3 Qd5 19. Nc3 Qa5 20. Rf2 Rcd8 21. Ba2
Rf8 22. Qe4 Qf5 23. Qxf5 exf5 24. Rfc2 Rc8 25. Nb5 a6 26. Nc3 Na7 27. Nd5 Bd8
28. Ne5 Kg7 29. Kf2 Rxc2+ 30. Rxc2 Bc8 31. Nb4 a5 32. Nbc6 Nxc6 33. Rxc6 Bg5 34.
Nxf7 Be7 35. Rc7 Kf6 36. Ne5 Bd6 37. Rc6 Ke7 38. Nc4 Bxh2 39. g3 Be6 40. Rc7+
Kf6 41. Kg2 Kg5 42. Bb1 Bxc4 43. Rxc4 Re8 44. Rc3 f4 45. gxf4+ Bxf4 46. exf4+
Kxf4 47. Rf3+ Kg4 48. Kf2 Rd8 49. Rd3 Kf4 50. d5 Ke5 51. Re3+ Kf4 52. Be4 h5 53.
Bg2 g5 54. Re6 g4 55. d6 Kf5 56. Bd5 h4 57. b4 1/2-1/2

[Event "34th Zalakaros Open 2015"]
[Site "Zalakaros HUN"]
[Date "2015.05.14"]
[Round "1.14"]
[White "Wagner, Dennis"]
[Black "Nomin-Erdene, Davaademberel"]
[Result "1-0"]
[WhiteTitle "IM"]
[BlackTitle "WFM"]
[WhiteElo "2572"]
[BlackElo "2337"]
[WhiteFideId "24650684"]
[BlackFideId "4900782"]
[EventDate "2015.05.14"]
[EventType "swiss"]

1. d4 d5 2. c4 c6 3. Nc3 Nf6 4. e3 e6 5. Nf3 Nbd7 6. Qc2 Bd6 7. Bd3 dxc4 8. Bxc4
a6 9. O-O Qc7 10. e4 e5 11. Ne2 O-O 12. dxe5 Nxe5 13. Nxe5 Bxe5 14. f4 Qb6+ 15.
Kh1 Bc7 16. e5 Ng4 17. Ng3 Qd4 18. h3 Ne3 19. Bxe3 Qxe3 20. Rf3 Qb6 21. Nh5 c5
22. Rg3 g6 23. Qc3 Qb4 24. Qc1 Be6 25. f5 Bxe5 26. fxe6 Bxb2 27. exf7+ Kh8 28.
Qf1 b5 29. Bd5 Bxa1 30. Qxa1+ Qd4 31. Qxd4+ cxd4 32. Bxa8 Rxa8 33. Rf3 Rf8 34.
Ng3 Kg7 35. Ne2 d3 36. Rxd3 Rxf7 37. Kg1 Rc7 38. Rc3 Rd7 39. Kf2 Rd2 40. a3 a5
41. Kf3 Rb2 42. Nd4 b4 43. axb4 Rxb4 44. Ke4 a4 45. g4 Rb7 46. Ra3 Ra7 47. Ne2
Kf6 48. Kf4 g5+ 49. Kf3 Kg6 50. Nc3 Rc7 51. Nxa4 Ra7 52. Ra2 h5 53. Nc3 Rf7+ 54.
Kg3 Rf6 55. Ne4 Re6 56. Kf3 Rb6 57. Ra3 Kh6 58. Rd3 hxg4+ 59. hxg4 Rb5 60. Rd6+
Kg7 61. Rc6 Rb3+ 62. Rc3 Rb5 63. Rc5 Rb3+ 64. Ke2 Rb2+ 65. Ke3 Rb3+ 66. Kd4 Rb4+
67. Ke5 Kg6 68. Rc6+ 1-0

[Event "34th Zalakaros Open 2015"]
[Site "Zalakaros HUN"]
[Date "2015.05.14"]
[Round "1.15"]
[White "Kaczur, Florian"]
[Black "Donchenko, Alexander"]
[Result "1/2-1/2"]
[BlackTitle "IM"]
[WhiteElo "2336"]
[BlackElo "2570"]
[WhiteFideId "705098"]
[BlackFideId "24603295"]
[EventDate "2015.05.14"]
[EventType "swiss"]

1. e4 c6 2. d4 d5 3. Nd2 dxe4 4. Nxe4 Bf5 5. Ng3 Bg6 6. Nh3 e6 7. Nf4 Bd6 8.
Ngh5 Bxh5 9. Nxh5 g6 10. Ng3 Nf6 11. c3 Nbd7 12. Bh6 Bf8 13. Bg5 h6 14. Be3 Nd5
15. Bd2 Bg7 16. Bc4 O-O 17. O-O b5 18. Bb3 a5 19. a3 a4 20. Ba2 e5 21. dxe5 Nxe5
22. Qc2 Qh4 23. Rad1 Rad8 24. Bc1 Rfe8 25. Rfe1 Nc4 26. Ne4 Ndb6 27. Rxd8 Qxd8
28. Re2 Re7 29. Nc5 Qe8 30. Kf1 Bf8 31. Rxe7 Qxe7 32. Nd3 Qd6 33. Bf4 Qe6 34.
Bb1 Bxa3 35. Bxh6 Bd6 36. Qe2 Qf5 37. g4 Qd5 38. Kg1 Kh7 39. Bc1 Kg7 40. h4 Nd7
41. h5 Nde5 42. Nxe5 Nxe5 43. Be4 Qe6 44. h6+ Kh7 45. g5 Qh3 46. Bf4 Qh4 47.
Bxe5 1/2-1/2

[Event "34th Zalakaros Open 2015"]
[Site "Zalakaros HUN"]
[Date "2015.05.14"]
[Round "1.16"]
[White "Ruck, Robert"]
[Black "Vajda, Szidonia"]
[Result "1-0"]
[WhiteTitle "GM"]
[BlackTitle "IM"]
[WhiteElo "2562"]
[BlackElo "2333"]
[WhiteFideId "705713"]
[BlackFideId "723894"]
[EventDate "2015.05.14"]
[EventType "swiss"]

1. Nf3 Nf6 2. c4 c6 3. d4 d5 4. Nc3 e6 5. Bg5 Nbd7 6. e3 Be7 7. Qc2 O-O 8. Rd1
Re8 9. Bd3 dxc4 10. Bxc4 Nd5 11. Bxe7 Qxe7 12. O-O Nxc3 13. Qxc3 b5 14. Be2 Bb7
15. Rc1 b4 16. Qc2 a5 17. Qe4 Rec8 18. Ne5 Nxe5 19. Qxe5 c5 20. Rxc5 Rxc5 21.
Qxc5 Qxc5 22. dxc5 Rc8 23. Rc1 Kf8 24. f3 Ke7 25. Kf2 Kd7 26. a3 bxa3 27. bxa3
Bc6 28. Rb1 Kc7 29. e4 Rd8 30. Ke3 e5 31. Bc4 f6 32. Rb6 Rd4 33. Bg8 h6 34. Ra6
Bb5 35. Rxa5 Kc6 36. Bf7 Rd3+ 37. Kf2 Rd2+ 38. Ke1 Re2+ 39. Kd1 1-0

[Event "34th Zalakaros Open 2015"]
[Site "Zalakaros HUN"]
[Date "2015.05.14"]
[Round "1.17"]
[White "Baskin, Robert"]
[Black "Vajda, Levente"]
[Result "0-1"]
[WhiteTitle "FM"]
[BlackTitle "GM"]
[WhiteElo "2333"]
[BlackElo "2554"]
[WhiteFideId "24662402"]
[BlackFideId "1203975"]
[EventDate "2015.05.14"]
[EventType "swiss"]

1. e4 e5 2. Nf3 Nc6 3. Nc3 d6 4. d4 exd4 5. Nxd4 Nf6 6. Be2 Be7 7. Bf4 O-O 8.
O-O Bd7 9. Nxc6 bxc6 10. Qd2 Be6 11. e5 Nd5 12. Nxd5 cxd5 13. exd6 Bxd6 14. Rad1
Rb8 15. b3 Rb6 16. Bxd6 Rxd6 17. Qd4 Qb8 18. Rd2 Qb6 19. b4 Qxd4 20. Rxd4 Rc6
21. Rc1 Rb8 22. c3 Kf8 23. Kf1 Ke7 24. Ke1 Rd6 25. a3 Rc8 26. Kd2 c5 27. bxc5
Rxc5 28. Rb1 Rdc6 29. Rb3 Rc7 30. f4 f6 31. Bf3 g5 32. fxg5 fxg5 33. Be2 Kf6 34.
Bd3 h6 35. a4 Ke5 36. Ra3 a5 37. Bb5 Rc8 38. Rd3 Bf5 39. Rd4 Be4 40. g3 Rf8 41.
Be2 Rf2 42. Ke3 Rxh2 43. Rd1 h5 44. Rg1 Rxc3+ 0-1

[Event "34th Zalakaros Open 2015"]
[Site "Zalakaros HUN"]
[Date "2015.05.14"]
[Round "1.18"]
[White "Gonda, Laszlo"]
[Black "Gara, Anita"]
[Result "1-0"]
[WhiteTitle "GM"]
[BlackTitle "IM"]
[WhiteElo "2553"]
[BlackElo "2325"]
[WhiteFideId "720852"]
[BlackFideId "709751"]
[EventDate "2015.05.14"]
[EventType "swiss"]

1. Nf3 g6 2. c4 Nf6 3. Nc3 d6 4. d4 Bf5 5. d5 c5 6. Ng5 h6 7. e4 Bg4 8. Nf3 Bg7
9. Be2 O-O 10. h3 Bc8 11. Bf4 Na6 12. Qd2 Kh7 13. O-O Nc7 14. e5 dxe5 15. Nxe5
Nce8 16. Qe3 Qa5 17. Nd3 Nd6 18. Qxe7 Nxc4 19. Qxc5 Qxc5 20. Nxc5 Nxb2 21. Bc1
b6 22. Nb3 Nxd5 23. Nxd5 Na4 24. Ba3 Re8 25. Bb5 Re4 26. Rae1 Nc3 27. Nxc3 Rxe1
28. Rxe1 Bxc3 29. Re3 1-0

[Event "34th Zalakaros Open 2015"]
[Site "Zalakaros HUN"]
[Date "2015.05.14"]
[Round "1.19"]
[White "Havasi, Gergo"]
[Black "Horvath, Csaba"]
[Result "1-0"]
[BlackTitle "GM"]
[WhiteElo "2319"]
[BlackElo "2549"]
[WhiteFideId "760293"]
[BlackFideId "700118"]
[EventDate "2015.05.14"]
[EventType "swiss"]

1. e4 c5 2. Nf3 e6 3. d4 cxd4 4. Nxd4 a6 5. c4 Nf6 6. Nc3 Qc7 7. a3 b6 8. Be3
Bb7 9. f3 Be7 10. Be2 O-O 11. O-O Bd6 12. Kh1 Bxh2 13. f4 Bg3 14. Bd3 g6 15. Rf3
Nh5 16. Nde2 Bh4 17. Rh3 Be7 18. Rxh5 gxh5 19. Ng3 f6 20. Qxh5 Rf7 21. Na4 Nc6
22. Nxb6 Raf8 23. b4 Rg7 24. Qh3 Ne5 25. Rd1 Nxd3 26. Rxd3 Bc6 27. Rd2 Kh8 28.
Nh5 Rgf7 29. f5 exf5 30. exf5 Bd6 31. c5 Be5 32. Nc4 Re8 33. Qh4 Rg8 34. Nd6
Bxd6 35. cxd6 Qb7 36. Bd4 Rxg2 37. Bxf6+ Kg8 38. Rxg2+ Bxg2+ 39. Kh2 Qe4 40.
Qg5+ 1-0

[Event "34th Zalakaros Open 2015"]
[Site "Zalakaros HUN"]
[Date "2015.05.14"]
[Round "1.20"]
[White "Szabo, Gergely-Andras-Gyula"]
[Black "Gulamali, Kazim"]
[Result "1-0"]
[WhiteTitle "GM"]
[BlackTitle "FM"]
[WhiteElo "2548"]
[BlackElo "2309"]
[WhiteFideId "1205064"]
[BlackFideId "2024764"]
[EventDate "2015.05.14"]
[EventType "swiss"]

1. e4 c5 2. c3 d6 3. d4 Nf6 4. Bd3 g6 5. Nf3 Bg7 6. O-O O-O 7. h3 Nbd7 8. Re1 e5
9. dxe5 Nxe5 10. Nxe5 dxe5 11. Bg5 Be6 12. Na3 h6 13. Bh4 Qc8 14. Bxf6 Bxf6 15.
Bc4 Rd8 16. Qf3 Bxc4 17. Nxc4 Qe6 18. Ne3 Rd7 19. Red1 Rad8 20. Rxd7 Rxd7 21.
Nd5 Bg7 22. Rd1 c4 23. Rd2 f5 24. Qd1 Kh8 25. Qa4 Qc6 26. Qxa7 fxe4 27. Qb8+ Kh7
28. Nb4 Qc7 29. Qxc7 Rxc7 30. Nd5 Rc5 31. Ne3 Rc7 32. Rd6 h5 33. Kf1 Bf8 34. Re6
Rc5 35. Rb6 Rc7 36. Nd5 Rf7 37. Nf6+ Kg7 38. Nxe4 Rd7 39. Ke2 Be7 40. Re6 1-0

[Event "34th Zalakaros Open 2015"]
[Site "Zalakaros HUN"]
[Date "2015.05.14"]
[Round "1.21"]
[White "Nemeth, Zoltan"]
[Black "Horvath, Jozsef1"]
[Result "0-1"]
[WhiteTitle "IM"]
[BlackTitle "GM"]
[WhiteElo "2306"]
[BlackElo "2538"]
[WhiteFideId "700657"]
[BlackFideId "700061"]
[EventDate "2015.05.14"]
[EventType "swiss"]

1. d4 Nf6 2. c4 g6 3. Nc3 d5 4. cxd5 Nxd5 5. e4 Nxc3 6. bxc3 Bg7 7. Be3 c5 8.
Qd2 Qa5 9. Rc1 O-O 10. Nf3 Bg4 11. d5 Bxf3 12. gxf3 c4 13. h4 h5 14. f4 Nd7 15.
Be2 Rac8 16. Rg1 Nc5 17. Bxc5 Qxc5 18. f5 Qd6 19. Qg5 Bf6 20. Qxh5 Qf4 21. Rd1
Bxc3+ 22. Kf1 Bg7 23. Qg4 Qxg4 24. Bxg4 Rc5 25. fxg6 fxg6 26. Be6+ Kh7 27. h5
gxh5 28. Bf5+ Rxf5 29. exf5 c3 30. Ke2 c2 31. Rc1 Bh6 32. f6 exf6 33. d6 Bxc1
34. Rxc1 Kg6 35. Ke3 Kf7 0-1